<?xml version="1.0" encoding="UTF-8"?>
<collection xmlns="http://www.loc.gov/MARC21/slim">
 <record>
  <leader>04290cam a2200781   4500</leader>
  <controlfield tag="001">493348344</controlfield>
  <controlfield tag="003">DE-627</controlfield>
  <controlfield tag="005">20241010105714.0</controlfield>
  <controlfield tag="007">tu</controlfield>
  <controlfield tag="008">050720s2005    gw |||||      00| ||ger c</controlfield>
  <datafield tag="015" ind1=" " ind2=" ">
   <subfield code="a">05,N31,0730</subfield>
   <subfield code="2">dnb</subfield>
  </datafield>
  <datafield tag="015" ind1=" " ind2=" ">
   <subfield code="a">05,A41,1631</subfield>
   <subfield code="2">dnb</subfield>
  </datafield>
  <datafield tag="016" ind1="7" ind2=" ">
   <subfield code="a">975618768</subfield>
   <subfield code="2">DE-101</subfield>
  </datafield>
  <datafield tag="020" ind1=" " ind2=" ">
   <subfield code="a">3498035282</subfield>
   <subfield code="c">Pp. : EUR 19.90, sfr 34.90</subfield>
   <subfield code="9">3-498-03528-2</subfield>
  </datafield>
  <datafield tag="035" ind1=" " ind2=" ">
   <subfield code="a">(DE-627)493348344</subfield>
  </datafield>
  <datafield tag="035" ind1=" " ind2=" ">
   <subfield code="a">(DE-576)118171747</subfield>
  </datafield>
  <datafield tag="035" ind1=" " ind2=" ">
   <subfield code="a">(DE-599)GBV493348344</subfield>
  </datafield>
  <datafield tag="035" ind1=" " ind2=" ">
   <subfield code="a">(OCoLC)218808161</subfield>
  </datafield>
  <datafield tag="035" ind1=" " ind2=" ">
   <subfield code="a">(OCoLC)61714982</subfield>
  </datafield>
  <datafield tag="035" ind1=" " ind2=" ">
   <subfield code="a">(OCoLC)1080870292</subfield>
  </datafield>
  <datafield tag="035" ind1=" " ind2=" ">
   <subfield code="a">(OCoLC)1083922621</subfield>
  </datafield>
  <datafield tag="035" ind1=" " ind2=" ">
   <subfield code="a">(DE-478)952317598</subfield>
  </datafield>
  <datafield tag="040" ind1=" " ind2=" ">
   <subfield code="a">DE-627</subfield>
   <subfield code="b">ger</subfield>
   <subfield code="c">DE-627</subfield>
   <subfield code="e">rakwb</subfield>
  </datafield>
  <datafield tag="041" ind1=" " ind2=" ">
   <subfield code="a">ger</subfield>
  </datafield>
  <datafield tag="044" ind1=" " ind2=" ">
   <subfield code="c">XA-DE-SH</subfield>
  </datafield>
  <datafield tag="050" ind1=" " ind2="0">
   <subfield code="a">PT2671.E32</subfield>
  </datafield>
  <datafield tag="082" ind1="0" ind2=" ">
   <subfield code="a">833.92</subfield>
   <subfield code="q">BSZ</subfield>
  </datafield>
  <datafield tag="082" ind1="0" ind2="4">
   <subfield code="a">830</subfield>
   <subfield code="a">B</subfield>
  </datafield>
  <datafield tag="084" ind1=" " ind2=" ">
   <subfield code="a">Zba</subfield>
   <subfield code="2">asb</subfield>
  </datafield>
  <datafield tag="084" ind1=" " ind2=" ">
   <subfield code="a">ZAA</subfield>
   <subfield code="2">ssd</subfield>
  </datafield>
  <datafield tag="084" ind1=" " ind2=" ">
   <subfield code="a">S</subfield>
   <subfield code="2">sfb</subfield>
  </datafield>
  <datafield tag="084" ind1=" " ind2=" ">
   <subfield code="a">R 11</subfield>
   <subfield code="2">kab</subfield>
  </datafield>
  <datafield tag="084" ind1=" " ind2=" ">
   <subfield code="a">GO 52310</subfield>
   <subfield code="q">DE-24/22sred</subfield>
   <subfield code="2">rvk</subfield>
   <subfield code="0">(DE-625)rvk/43246:11633</subfield>
  </datafield>
  <datafield tag="084" ind1=" " ind2=" ">
   <subfield code="a">17.97</subfield>
   <subfield code="2">bkl</subfield>
  </datafield>
  <datafield tag="084" ind1=" " ind2=" ">
   <subfield code="a">18.10</subfield>
   <subfield code="2">bkl</subfield>
  </datafield>
  <datafield tag="100" ind1="1" ind2=" ">
   <subfield code="a">Kehlmann, Daniel</subfield>
   <subfield code="d">1975-</subfield>
   <subfield code="0">(DE-588)115812431</subfield>
   <subfield code="0">(DE-627)07748990X</subfield>
   <subfield code="0">(DE-576)177679972</subfield>
   <subfield code="4">aut</subfield>
  </datafield>
  <datafield tag="245" ind1="1" ind2="4">
   <subfield code="a">Die Vermessung der Welt</subfield>
   <subfield code="b">Roman</subfield>
   <subfield code="c">Daniel Kehlmann</subfield>
  </datafield>
  <datafield tag="246" ind1="3" ind2="0">
   <subfield code="a">Bestseller.</subfield>
  </datafield>
  <datafield tag="250" ind1=" " ind2=" ">
   <subfield code="a">1. Aufl.</subfield>
  </datafield>
  <datafield tag="264" ind1=" " ind2="1">
   <subfield code="a">Reinbek bei Hamburg</subfield>
   <subfield code="b">Rowohlt</subfield>
   <subfield code="c">2005</subfield>
  </datafield>
  <datafield tag="300" ind1=" " ind2=" ">
   <subfield code="a">301 S.</subfield>
   <subfield code="c">21 cm</subfield>
  </datafield>
  <datafield tag="336" ind1=" " ind2=" ">
   <subfield code="a">Text</subfield>
   <subfield code="b">txt</subfield>
   <subfield code="2">rdacontent</subfield>
  </datafield>
  <datafield tag="337" ind1=" " ind2=" ">
   <subfield code="a">ohne Hilfsmittel zu benutzen</subfield>
   <subfield code="b">n</subfield>
   <subfield code="2">rdamedia</subfield>
  </datafield>
  <datafield tag="338" ind1=" " ind2=" ">
   <subfield code="a">Band</subfield>
   <subfield code="b">nc</subfield>
   <subfield code="2">rdacarrier</subfield>
  </datafield>
  <datafield tag="361" ind1="1" ind2=" ">
   <subfield code="5">DE-18</subfield>
   <subfield code="y">4590864770</subfield>
   <subfield code="s">R/9565</subfield>
   <subfield code="o">Vorbesitz</subfield>
   <subfield code="a">Bucharchiv des Rowohlt-Verlages</subfield>
   <subfield code="f">Stempel</subfield>
  </datafield>
  <datafield tag="520" ind1=" " ind2=" ">
   <subfield code="a">Daniel Kehlmann porträtiert in seinem Roman gleich zwei deutsche Geistesgrößen: das Mathematikgenie Carl Friedrich Gauß und den Universalgelehrten und großen Naturforscher Alexander von Humboldt. Im Zentrum steht ein Treffen der beiden 1828 in Berlin, auf einem Naturforscherkongress, für den Gauß nur sehr widerwillig sein Göttingen verlässt. Die zwei Großdenker haben sich beide auf ihre eigene Weise der Vermessung der Welt gewidmet, kommen sich aber nur zaghaft näher. (Ronald Schneider)</subfield>
  </datafield>
  <datafield tag="520" ind1=" " ind2=" ">
   <subfield code="a">Der historische Roman zeichnet die Lebenswege zweier großer &quot;Weltvermesser&quot; des 19. Jahrhunderts in einer Art Doppelbiografie nach: des berühmten Naturforschers Alexander von Humboldt und des in seiner Zeit nicht weniger berühmten Mathematikers und Astronomen Carl Friedrich Gauß. (Ronald Schneider)</subfield>
  </datafield>
  <datafield tag="561" ind1=" " ind2=" ">
   <subfield code="5">DE-18</subfield>
   <subfield code="3">Exemplarsatz-ID: 4590864770, Signatur: R/9565</subfield>
   <subfield code="a">Vorbesitz: Bucharchiv des Rowohlt-Verlages / Stempel</subfield>
  </datafield>
  <datafield tag="653" ind1=" " ind2="0">
   <subfield code="a">Humboldt, Alexander von</subfield>
   <subfield code="a">Fiction</subfield>
  </datafield>
  <datafield tag="653" ind1=" " ind2="0">
   <subfield code="a">Gauss, Carl Friedrich</subfield>
   <subfield code="a">Fiction</subfield>
  </datafield>
  <datafield tag="655" ind1=" " ind2="7">
   <subfield code="a">Fiktionale Darstellung</subfield>
   <subfield code="0">(DE-588)1071854844</subfield>
   <subfield code="0">(DE-627)82648378X</subfield>
   <subfield code="0">(DE-576)43337439X</subfield>
   <subfield code="2">gnd-content</subfield>
  </datafield>
  <datafield tag="689" ind1="0" ind2="0">
   <subfield code="d">p</subfield>
   <subfield code="0">(DE-588)118554700</subfield>
   <subfield code="0">(DE-627)133447324</subfield>
   <subfield code="0">(DE-576)161518079</subfield>
   <subfield code="a">Humboldt, Alexander von</subfield>
   <subfield code="d">1769-1859</subfield>
   <subfield code="2">gnd</subfield>
  </datafield>
  <datafield tag="689" ind1="0" ind2="1">
   <subfield code="d">p</subfield>
   <subfield code="0">(DE-588)104234644</subfield>
   <subfield code="0">(DE-627)133847047</subfield>
   <subfield code="0">(DE-576)161071783</subfield>
   <subfield code="a">Gauß, Carl Friedrich</subfield>
   <subfield code="d">1777-1855</subfield>
   <subfield code="2">gnd</subfield>
  </datafield>
  <datafield tag="689" ind1="0" ind2=" ">
   <subfield code="5">DE-101</subfield>
  </datafield>
  <datafield tag="787" ind1="0" ind2="8">
   <subfield code="i">Rezension</subfield>
   <subfield code="a">Griep, Wolfgang, 1948 - </subfield>
   <subfield code="t">[Rezension von: Auch ein Beitrag zum Humboldt-Jahr]</subfield>
   <subfield code="d">2009</subfield>
   <subfield code="w">(DE-627)888166842</subfield>
  </datafield>
  <datafield tag="787" ind1="0" ind2="8">
   <subfield code="i">Rezension</subfield>
   <subfield code="a">Zettler de Vareschi, Lieselotte, 1918 - </subfield>
   <subfield code="t">[Rezension von: Auch ein Beitrag zum Humboldt-Jahr]</subfield>
   <subfield code="d">2009</subfield>
   <subfield code="w">(DE-627)888167679</subfield>
  </datafield>
  <datafield tag="787" ind1="0" ind2="8">
   <subfield code="i">Rezension</subfield>
   <subfield code="a">Brosche, Peter, 1936 - </subfield>
   <subfield code="t">[Rezension von: Auch ein Beitrag zum Humboldt-Jahr]</subfield>
   <subfield code="d">2009</subfield>
   <subfield code="w">(DE-627)888168381</subfield>
  </datafield>
  <datafield tag="787" ind1="0" ind2="8">
   <subfield code="i">Rezension</subfield>
   <subfield code="a">Habel, Thilo, 1962 - </subfield>
   <subfield code="t">Abenteuer Wissenschaft und gekrümmte Linien</subfield>
   <subfield code="d">2006</subfield>
   <subfield code="w">(DE-627)1464114560</subfield>
   <subfield code="w">(DE-576)394114566</subfield>
  </datafield>
  <datafield tag="856" ind1="4" ind2="2">
   <subfield code="u">http://www.gbv.de/dms/hebis-darmstadt/toc/134504062.pdf</subfield>
   <subfield code="m">V:DE-603</subfield>
   <subfield code="m">B:DE-17</subfield>
   <subfield code="q">pdf/application</subfield>
   <subfield code="x">Verlag</subfield>
   <subfield code="y">Inhaltsverzeichnis</subfield>
   <subfield code="3">Inhaltsverzeichnis</subfield>
  </datafield>
  <datafield tag="935" ind1=" " ind2=" ">
   <subfield code="i">Blocktest</subfield>
  </datafield>
  <datafield tag="936" ind1="r" ind2="v">
   <subfield code="a">GO 52310</subfield>
   <subfield code="b">Primärliteratur</subfield>
   <subfield code="k">Germanistik. Niederlandistik. Skandinavistik</subfield>
   <subfield code="k">Deutsche Literatur</subfield>
   <subfield code="k">Moderne III: 1991 ff.</subfield>
   <subfield code="k">Literaturgeschichte</subfield>
   <subfield code="k">Autoren des 21. Jahrhunderts (geb. ab 1975)</subfield>
   <subfield code="k">K</subfield>
   <subfield code="k">Kehlmann, Daniel</subfield>
   <subfield code="k">Primärliteratur</subfield>
   <subfield code="0">(DE-627)1418702765</subfield>
   <subfield code="0">(DE-625)rvk/43246:11633</subfield>
   <subfield code="0">(DE-576)348702760</subfield>
  </datafield>
  <datafield tag="936" ind1="b" ind2="k">
   <subfield code="a">17.97</subfield>
   <subfield code="j">Texte eines einzelnen Autors</subfield>
   <subfield code="0">(DE-627)181571714</subfield>
  </datafield>
  <datafield tag="936" ind1="b" ind2="k">
   <subfield code="a">18.10</subfield>
   <subfield code="j">Deutsche Literatur</subfield>
   <subfield code="0">(DE-627)106405047</subfield>
  </datafield>
  <datafield tag="951" ind1=" " ind2=" ">
   <subfield code="a">BO</subfield>
  </datafield>
  <datafield tag="990" ind1=" " ind2=" ">
   <subfield code="a">Humboldt, Alexander von</subfield>
  </datafield>
  <datafield tag="990" ind1=" " ind2=" ">
   <subfield code="a">Gauß, Carl Friedrich</subfield>
  </datafield>
  <datafield tag="991" ind1=" " ind2=" ">
   <subfield code="a">Rezensiertes Werk</subfield>
  </datafield>
  <datafield tag="999" ind1=" " ind2=" ">
   <subfield code="a">KXP-PPN493348344</subfield>
   <subfield code="e">4020460051</subfield>
  </datafield>
 </record>
</collection>
